Представление документа в формате RUSMARC

ПолеНазваниеЗначение
  Тип записи a
  Библиографический уровень a
001 Контрольный номер b08a95fa83164d59ba48d0f70d55d9f6
005 Дата корректировки 20241002110435.8
100 Данные общей обработки __
a Данные общей обработки 20240930 ||| 0rusy0189 ca
101 Язык документа 0_
a Язык текста rus
102 Страна публикации __
a Страна публикации RU
200 Заглавие и сведения об ответственности 1_
a Заглавие Деловой настрой
e Сведения, относящиеся к заглавию [как мотивировать себя на продуктивную учёбу]
f Первые сведения об ответственности А. Фенхель
461 Уровень набора _0
1 2000
a Маруся
463 Уровень физической единицы _0
1 2000
a № 9 (377)
v С. 32-33 : ил.
1 2101
d 2024
1 00159de1d1b7f254150bf2c77e3adf52e99
606 Тематические рубрики 0_
a Основная рубрика Психология развития и возрастная психология
610 Ключевые слова 0_
a Ключевые слова психология учебной деятельности, психология самообразования, мотивация на учёбу, лайфхаки для учёбы, учебный настрой
686 Индексы других классификаций __
a Классификационный индекс 88.4
700 Автор _1
a Фамилия Фенхель
b Имя (инициалы) А.
g Полное личное имя Алиса
801 Источник записи _0
a Страна RU
b Организация УОБДЮ
c Дата составления 20240930
g Правила каталогизации RCR
801 Источник записи _1
a Страна RU
b Организация УОБДЮ
c Дата составления 20240930
g Правила каталогизации RCR
901 Тип документа __
t Тип документа b
w Контрольный № источника 59de1d1b7f254150bf2c77e3adf52e99
905 Данные по созданию БЗ __
b Логин пользователя, который создал БЗ ibo10